Berserk Personnages - Statistiques

Statistiques générales
  • Ce quiz a été pris 139 fois
  • Le résultat moyen est 16 sur 139
Statistiques - réponses
Indice Réponse % Correct
Troupe du Faucon Guts
97%
Troupe du Faucon Griffith
93%
Troupe du Faucon Casca
92%
Elfe Puck
67%
Troupe du Faucon Pippin
66%
Troupe du Faucon Judeau / Judo
57%
Troupe des Chaînes d'Acier Sacrées Farnese de Vandimion
51%
Troupe des Chaînes d'Acier Sacrées Serpico
48%
Apôtre Immortel Zodd
47%
God Hand Femto
42%
Troupe du Faucon Rickert
39%
Troupe du Faucon Corkus / Carcus
38%
God Hand Void
37%
Famille Royale du Midland Charlotte Beatrix Marie Rhody Wyndham
36%
Apprentie Sorcière Schierke
34%
Voleur Isidro
31%
Chevalier Mysterieux Chevalier Squelette / Skull Knight
30%
Troupe du Faucon Gaston
29%
Père Adoptif de Guts Gambino
26%
God Hand Slan
25%
Amie de l'Apôtre Papillon Jill
24%
Inquisiteur du Saint Siège Mozgus
22%
God Hand Ubik
21%
God Hand Conrad
19%
Sorcière Flora
18%
Empereur Kushan Ganishka
17%
Deuxième Troupe du Faucon Grunbeld
16%
Mercenaire Donovan
15%
Elfe Ivalera / Evarella
15%
Réfugiée d'Albion Luca
15%
Apôtre de l'Ordre du Molosse Noir Wyald
15%
Troupe des Chaînes d'Acier Sacrées Azan
13%
Chevalier de la Baleine Bleue Adon Coborlwitz
12%
Deuxième Troupe du Faucon Irvine
12%
Apôtre Limace Le Comte
12%
Deuxième Troupe du Faucon Locus
12%
Vestale du Faucon Sonia
12%
Elfe Pack
11%
Elfe Peck
11%
Elfe Pick
11%
Elfe Pock
11%
Famille Royale du Midland Adonis
10%
Fille Adoptive du Forgeron Erica
10%
Conquérant Légendaire Gaiseric
10%
Famille Royale du Midland Julius
10%
Famille Vandimion Magnifico de Vandimion
10%
Officier de la Marine d'Eath Roderick of Stauffen
10%
Apôtre Papillon Rosine
10%
Mère Adoptive de Guts Shisu / Sis
10%
Saint Ordre du Rhinocéros Parme Boscogn / Boscone
9%
Servante de la Princesse Anna
8%
Secrétaire du Midland Foss
8%
Forgeron Godot
8%
Réfugiée d'Albion Nina
8%
Deuxième Troupe du Faucon Rakshas
8%
Bakiraka Silat / Schihat
8%
Ennemi de l'Apôtre Limace Vargas / Vulgus
8%
Apôtre Serpent Baron Serpent
7%
Jeune Merrow Isma
7%
Sorcière de Elf Helm Morda / Molda
7%
Famille Royale du Midland Reine du Midland
7%
Famille Royale du Midland Roi du Midland
7%
Le Chevalier Gris Bazuso
6%
Sorcier Kushan Daiba
6%
Enfant Ayant Agressé Serpico Jean
6%
Chevalier du Midland Mule Wolflame
6%
Capitaine Pirate Barbe d'Os
4%
Troupe du Faucon Dante / Dan
4%
Noble de Tudor Gennon / Ganon
4%
Tuteur d'Adonis Hassan
4%
Apôtre Œuf Œuf du Monde Parfait / Egg of the Pefect World
4%
Noble du Midland Owen
4%
Troupe du Faucon Sam
4%
Chevalier de la Baleine Bleue Samson Coborlwitz
4%
Civille Collette
3%
Travail pour l'Apôtre Limace Dahl
3%
Roi des Pétales Virevoltants Danan
3%
Général du Midland Laban / Ravan
3%
Fille de l'Apôtre Limace Theresia
3%
Travail pour l'Apôtre Limace Zondark
3%
Ministre de l'Intérieur du Midland Gustave
2%
Troupe des Chaînes d'Acier Sacrées Jerome
2%
Troupe du Faucon Kim
2%
Habitant d'Enoch Morgan
2%
Enfant vu dans une Forêt Nico
2%
Réfugiée d'Albion Pepe
2%
Disciples de l'Inquisiteur The Twins / Les Jumeaux
2%
Civil Adolf
1%
Criminel Tué par le Molosse Noir Barbo / Babo
1%
Bandits du Château de Koca Dean / Dyne
1%
Mercenaire Ayant Capturé Jill Dig
1%
Troupe du Faucon Dillos / Diros
1%
Disciple de l'Inquisiteur The Bubblehead / La Tête de Bulle
1%
Troupe du Faucon Errol / Iru
1%
Réfugiée d'Albion Fouquet / Huguette
1%
Garçon Mystérieux Garçon du Clair de Lune / Moonlight Boy
1%
Grand Maître de Elf Helm Gedfrin / Gedfring
1%
Travail pour l'Apôtre Limace Gerico
1%
Arbalétrier du Midland Hail
1%
Ministre des Finances du Midland Hugo
1%
Bandits du Château de Koca Igor
1%
Réfugié d'Albion Joachime
1%
Sorcière de Elf Helm Kukka
1%
Réfugiée d'Albion Lucie
1%
Troupe du Faucon Nichole
1%
Pape Pape du Midland
1%
Habitant de Koca Seigneur de Koca
1%
Groupe de Bakiraka Tapasa / Tarpasa
1%
Disciple de l'Inquisiteur The Angel Face / La Tête d'Ange
1%
Disciple de l'Inquisiteur The Crow / Le Corbeau
1%
Enfant vu dans une Forêt | Habitant du Village de Jill Thomas
1%
L'Écarteleur Valencia
1%
Habitant du Village de Jill Zepek
1%
Apôtre Cuirassé Borkoff
0%
Habitant d'Enoch Bourgmestre
0%
Fée liée à une Fleur Couicouic
0%
Famille Vandimion Federico de Vandimion III
0%
Grand Maître de Elf Helm Ginnar
0%
Famille Vandimion Giorgio de Vandimion
0%
Forgeron de Elf Helm Hanarr
0%
Habitant d'Enoch Hannah
0%
Habitant du Village de Jill Hanson
0%
Sorcier Kushan Harashada
0%
Habitant d'Enoch Horst
0%
Espion Kushan Jarif
0%
Sorcier de Elf Helm Joni / Iony
0%
Prisonnier Martino
0%
Famille Vandimion Mme de Vandimion
0%
Famille Vandimion Poliziano / Policciano de Vandimion
0%
Habitant d'Enoch Prêtre d'Enoch
0%
Chevalier du Midland Saritus / Sartas
0%
Grand Maître de Elf Helm Skilbir / Skirbil
0%
Habitant d'Enoch Ted
0%
Disciple de l'Inquisiteur The Imp / Le Lutin
0%
Grand Maître de Elf Helm Thrain / Thraein
0%
Sorcière de Elf Helm Tune / Theuene
0%
Chevalier du Midland Valgar Wolflame
0%
Sorcière de Elf Helm Vör
0%
Aucun quiz correspondant
Distribution des résultats
% des personnes avec chaque résultat
Percentile par nombre de réponses
Votre historique - résultats
Vous n’avez pas pris ce quiz